Statistics for U.S. Rivers by Tributaries

Click here to take the quiz!

General Stats

  • This quiz has been taken 300 times
    (288 since last reset)
  • The average score is 11 of 30

Answer Stats

TributariesRiver% Correct
Minnesota, Wisconsin, Illinois, White, Des Moines, Yazoo, Iowa, Ohio, MissouriMississippi
92%
Río Puerco, Pecos, Río Conchos, Río Salado, San Juan, Santa Fe, Rio ChamaRio Grande/ Río Bravo
89%
Cumberland, Tennessee, Muskingum, Monongahela, Allegheny, Wabash, KanawhaOhio
75%
Snake, Willamette, Kootenay, Pend Oreille, Cowlitz, Spokane, LewisColumbia
74%
Platte, Kansas, Milk, James, Yellowstone, White, NiobraraMissouri
74%
Green, Fraser, San Juan, Dolores, Gila, Gunnison, EscalanteColorado
66%
Shenandoah, Antietam Creek, South Branch, North Branch, Monocacy, Bull Run, OccoquanPotomac
66%
Catskill Creek, Mohawk, Hoosic, Schroon, Sacandaga, Croton, Rondout CreekHudson
63%
Clearwater, Palouse, Owyhee, Malheur, Salmon, Henrys Fork, BoiseSnake
57%
Andreafsky, Tanana, Koyukuk, White, Porcupine, Klondike, InnokoYukon
55%
Schuylkill, Lehigh, Christina, Neversink, Musconetcong, Lackawaxen, MauriceDelaware
46%
Prairie Dog Town Fork, Salt Fork, North Fork, Pease, Washita, Kiamichi, Ouachita/BlackRed River of the South
38%
Cimarron, Canadian, Neosho, Salt Fork, Verdigris, Pawnee, WalnutArkansas
30%
Assiniboine, Bois de Sioux, Wild Rice, Sheyenne, Roseau, Buffalo, PembinaRed River of the North
29%
Powder, Tongue, Bighorn, Stillwater, Boulder, Lamar, ShieldsYellowstone
28%
Lackawanna, Juniata, Conestoga, Mahanoy, Swatara, West Branch, UnadillaSusquehanna
26%
Cowpasture, Jackson, Appomattox, Chickahominy, Nansemond, Warwick, PaganJames
25%
French Broad, Holston, Clinch, Hiwassee, Elk, Duck, SequatchieTennessee
23%
Tallapoosa, Coosa, CahabaAlabama
22%
Passumpsic, Chicopee, Deerfield, Ammonoosuc, Westfield, Farmington, MillersConnecticut
20%
American, Butte Creek, Feather, Deer Creek, Cottonwood Creek, Putah Creek, Cache CreekSacramento
17%
Tugaloo, Seneca, Rocky, Little, Chattooga, Broad, Brier CreekSavannah
13%
Allagash, Aroostook, Kennebecasis, Tobique, Jemseg, Baker Branch, MadawaskaSaint John
11%
Chattahoochee, Flint, ChipolaApalachicola
10%
Elk, Pocatalico, New, Gauley, CoalKanawha
10%
Caney Fork, Martins Fork, Big South Fork, Clear Fork, Red, Obey, RockcastleCumberland
7%
Flat, Rogue, Thornapple, Maple, Looking Glass, Red Cedar, Plaster CreekGrand
6%
Kwethluk, Holitna, Aniak, Swift, Stony, Kisaralik, GweekKuskokwim
6%
Big Otter, Falling, Dan, Pigg, OtterRoanoke (Staunton)
6%
Alapaha, Withlacoochee, Santa FeSuwannee
6%

Score Distribution

Percentile by Number Answered

Percent of People with Each Score

Your Score History

You have not taken this quiz since the last reset